000 00813cam a22002651 4500
999 _c126225
_d126225
001 9779229
003 ARRUPE
005 20170224092416.0
008 720316s1951 enka 000 0beng
010 _a 52006503
015 _aGB51-7167
035 _a(OCoLC)264557
040 _aDLC
_cOKentU
_dOCoLC
_dUk
_dDLC
042 _apremarc
050 0 0 _aD766.82
_b.S34
082 _a940.542
100 1 _aSchmidt, Heinz Werner,
_d1916-
_929068
245 1 0 _aWith Rommel in the desert.
_cHeinz Werner Schmidt
260 _aLondon,
_bGeorge G. Harrap
_c[1951]
300 _a240 p.
_billus.
_c21 cm.
600 1 0 _aRommel, Erwin,
_d1891-1944.
_929069
650 0 _aWorld War, 1939-1945
_xCampaigns
_zAfrica, North.
_95975
906 _a7
_bcbc
_coclcrpl
_du
_encip
_f19
_gy-gencatlg
942 _2lcc
_cMONOGRAPH